Bioactive compounds in fermented foods (Record no. 39309)

MARC details
000 -LEADER
fixed length control field 00457nam a2200181Ia 4500
020 ## - INTERNATIONAL STANDARD BOOK NUMBER
ISBN 9780367136000
050 ## - CALL MARK
Classification number TP 371.44 .A45/
100 ## - STATEMENT OF RESPONSIBILITY--MAIN AUTHOR NAME
Personal name Amit Kumar Rai and Anu Appaiah K. A
245 #0 - TITLE STATEMENT
Title Bioactive compounds in fermented foods
260 ## - PUBLICATION, DISTRIBUTION, ETC. (IMPRINT)
Place of publication Boca Raton
260 ## - PUBLICATION, DISTRIBUTION, ETC. (IMPRINT)
Name of publisher CRC Press
260 ## - PUBLICATION, DISTRIBUTION, ETC. (IMPRINT)
Year of publication 2022
300 ## - PHYSICAL DESCRIPTION
Number of Pages X, 404P. :Ill.
650 ## - SUBJECT ADDED ENTRY--TOPICAL TERM
Topical Term Boca Raton
942 ## - ADDED ENTRY ELEMENTS (KOHA)
Koha item type Books

No items available.